Repertorio alfabético de la jurisprudencia dominicana : (Record no. 33699)
[ view plain ]
| 000 -CABECERA | |
|---|---|
| campo de control de longitud fija | 00552nam a2200145 a 4500 |
| 001 - NÚMERO DE CONTROL | |
| campo de control | 000034208 |
| 005 - FECHA Y HORA DE LA ÚLTIMA TRANSACCIÓN | |
| campo de control | 20200930070852.0 |
| 008 - DATOS DE LONGITUD FIJA--INFORMACIÓN GENERAL | |
| campo de control de longitud fija | 110928s1935 sp 000 0 spa d |
| 040 ## - FUENTE DE LA CATALOGACIÓN | |
| Centro catalogador/agencia de origen | DO-SdBNP |
| Lengua de catalogación | spa |
| Centro/agencia transcriptor | BNPHU |
| 100 1# - ENTRADA PRINCIPAL--NOMBRE DE PERSONA | |
| Nombre de persona | Gómez, Manuel Ubaldo |
| 9 (RLIN) | 54707 |
| 245 10 - MENCIÓN DE TÍTULO | |
| Título | Repertorio alfabético de la jurisprudencia dominicana : |
| Resto del título | sentencias de la Suprema Corte de Justicia (1908-1933) / |
| Mención de responsabilidad, etc. | Ml. Ub. Gómez, hijo. |
| 260 ## - PUBLICACIÓN, DISTRIBUCIÓN, ETC. | |
| Lugar de publicación, distribución, etc. | Mallorca, : |
| Nombre del editor, distribuidor, etc. | Talleres gráficos de Fernando Soler Queralt, |
| Fecha de publicación, distribución, etc. | 1935. |
| 300 ## - DESCRIPCIÓN FÍSICA | |
| Extensión | v. 1 ; |
| Dimensiones | 20 cm. |
| 500 ## - NOTA GENERAL | |
| Nota general | La Biblioteca posee el v. 1 |
| Estado de retiro | Estado de pérdida | Restricciones de uso | No para préstamo | Código de colección | Localización permanente | Ubicación/localización actual | Ubicación en estantería | Fecha de adquisición | Número de inventario | Total de préstamos | Signatura topográfica completa | Código de barras | Fecha visto por última vez | Precio válido a partir de | Tipo de ítem Koha |
|---|---|---|---|---|---|---|---|---|---|---|---|---|---|---|---|
| Excluido de préstamo | Monografías: Libros y Folletos | General | General | En catalogación | 28.09.2011 | LF1 | v. 1 | 34208-10 | 25.06.2020 | 25.06.2020 | No se presta |
